000 00305nam a22001337a 4500
008 171030b xxu||||| |||| 00| 0 eng d
020 _a0070324735
041 _aeng
080 _a336
100 _a57
101 _aFIN
245 _aTHE MODERN THEORY OF CORPORATE FINANCE
_cJENSEN,M,C
942 _2udc
_cBK
999 _c36429
_d36429